000 00541nam a2200217 a 4500
999 _c4115
_d4115
001 4115
003 BD-JhCC
005 20171122210845.0
008 171122s1980 bg |||| ||a| 00| 0 eng d
035 _a(BD-JhCC)4115
040 _aBD-JhCC
_dBD-JhCC
041 _aeng
082 _a297.6
_bCHO 1980
100 _aChoudhuri, S. B.
245 _aAs I Understand Islam /
_cS. B. Choudhuri
260 _aDhaka :
_bIslamic Foundation Bangladesh,
_c1980.
300 _a50 p. :
_c22 cm.
650 _aIslam
942 _2ddc
_cBK